| 000 | 01054nam a22002537a 4500 | ||
|---|---|---|---|
| 999 |
_c8031 _d8031 |
||
| 003 | AR-CdUCM | ||
| 008 | 190322b ||||| |||| 00| 0 eng d | ||
| 020 | _a978-607-02-1137-9 | ||
| 040 |
_aMUNICIPALIDAD PROVINCIAL DEL CUSCO _cBIBLIOTECA MUNICIPAL DEL CUSCO |
||
| 082 |
_a301.1 / _bM79. |
||
| 110 |
_aUniversidad Nacional Autónoma de México _96778 |
||
| 245 | _aLas categorías del análisis sociológico / | ||
| 260 |
_aMéxico : _bFacultad de Estudios Profesionales Acatlán : _c2009. |
||
| 300 |
_a2t. ; _c21 cm. |
||
| 505 | _aContenido : t.1: Epistemología positivista de las ciencias sociales - El derecho en la teoría sociológica clásica... -- t.2: Sociología de la dominación - La construcción del concepto sociológico de la revolución social marxista... | ||
| 650 |
_aSociología _9276 |
||
| 650 |
_aAnálisis _92730 |
||
| 650 |
_aMéxico _918 |
||
| 650 |
_aCiencias sociales _91096 |
||
| 700 |
_aFrancisco Morales Silva _922694 |
||
| 700 |
_aHugo Arturo Cardoso Vargas _922695 |
||
| 942 |
_2ddc _cLIBROS |
||
| 945 | _admma | ||